000 00810 a2200229 4500
010 _aENG-89331
020 _a8125923428
_c150.00
035 _aEN-72864
037 _bDBAD / PUB
082 1 4 _a331
090 _c10759
_d10759
100 1 _aPylee, M.V.
245 1 _aIndustrial relations and personnel management/
_cby M.V. Pylee and A. Simon George
250 _a2nd Edition
260 _aNew Delhi
_bVikas Publishing House
_c2007
270 _a576, Masjid Road, Jangpura
_bNew Delhi
_cDelhi
_e110014
_k0120-4078900
_l0120-4078900
_mwww.vikaspublishing.com
300 _axiii, 271 p.:
_bill.
_c22 cm ( pbk.)
500 _aIncludes index
700 1 _aManu Zacharia
942 _adpl
_cEN
_k331/ PYL
999 _c10463
_d10463